| 000 | 00816nam a2200229 a 4500 | ||
|---|---|---|---|
| 001 | 000013836 | ||
| 005 | 20250311111111.0 | ||
| 008 | 091130s2000 dr 001 0 spa d | ||
| 040 |
_aDO-SdBNP _bspa _cBNPHU |
||
| 082 |
_a001.42 _bH557t |
||
| 100 | 1 |
_aHernández Disla, Pablo Ma., _d1942 - _931339 |
|
| 245 | 1 | 0 |
_aTécnicas como instrumento de investigación científica / _cPablo Ma. Hernández. |
| 260 |
_aSanto Domingo : _bGoris, _c2000. |
||
| 300 |
_a200 p. : _bil., gráfcs. ; _c21 cm. |
||
| 500 | _aIncluye datos biográficos del autor en la contracubierta. | ||
| 504 | _aBibliografía: p. 197-200. | ||
| 590 | _aInventariado,2018/DG | ||
| 650 | 0 |
_a Investigación _92 |
|
| 650 | 0 |
_a Ciencia - _xMetodología _93 |
|
| 650 | 4 |
_aProyectos de investigación _912 |
|
| 910 | _aValidado. Control de la calidad EMS | ||
| 999 |
_c13447 _d13447 |
||